Science Quiz

Random Science or Animal Quiz

Scientific Names of Animals Quiz Stats

 Plays Quiz not verified by Sporcle

Also try: Pop Quiz: Physics
Challenge
Share
Tweet
Embed
Score 0/50 Timer 12:00
0 Plays Today
Scientific Name Common Name % Correct
Panthera leoLion
100%
Felis lynxLynx
91.8%
Felis concolorCougar
87.7%
Panthera pardusLeopard
83.6%
Panthera oncaJaguar
80.8%
Ursus maritimusPolar Bear
76.7%
Ursus arctos horribilisGrizzly Bear
76.7%
Orcinus orcaOrca
75.3%
Felis rufusBobcat
74%
Canis latransCoyote
64.4%
Falco peregrinusPeregrine Falcon
63%
Haliaeetus leucocephalusBald Eagle
63%
Alligator mississippiensisAmerican Alligator
63%
Vulpes vulpesRed Fox
63%
Gulo guloWolverine
61.6%
Acinonyx jubatusCheetah
60.3%
Uncia uncia/Panthera unciaSnow Leopard
56.2%
Panthera tigris tigrisBengal Tiger
53.4%
Alces alces andersoniWestern Moose
52.1%
Canis rufusRed Wolf
47.9%
Accipiter cooperiiCooper's Hawk
43.8%
Canis lupusGray Wolf
43.8%
Castor canadensisAmerican Beaver
43.8%
Carcharodon carchariasGreat White Shark
42.5%
Bubo virginianusGreat-Horned Owl
41.1%
Scientific Name Common Name % Correct
Branta canadensisCanada Goose
39.7%
Aquila chrysaetosGolden Eagle
38.4%
Leopardus pardalisOcelot
37%
Alopex lagopus/Vulpes lagopusArctic Fox
35.6%
Alligator sinensisChinese Alligator
35.6%
Buteo swainsoniSwainson's Hawk
32.9%
Puma yagouaroundiJaguarundi
31.5%
Tyto albaBarn Owl
30.1%
Buteo jamaicensisRed-Tailed Hawk
28.8%
Corvus coraxCommon Raven
27.4%
Sayornis nigricansBlack Phoebe
26%
Lycaon pictusAfrican Wild Dog
26%
Urocyon cinereoargenteusGray Fox
24.7%
Lepus californicusBlack-tailed Jackrabbit
24.7%
Neofelis nebulosaClouded Leopard
24.7%
Accipiter gentilisNothern Goshawk
23.3%
Sayornis sayaSay's Phoebe
21.9%
Turdus migratoriusAmerican Robin
21.9%
Strix variaBarred Owl
21.9%
Accipiter striatusSharp-Shinned Hawk
20.5%
Galeocerdo cuvierTiger Shark
20.5%
Strix nebulosaGreat-Grey Owl
20.5%
Lepus americanusSnowshoe Hare
19.2%
Strix occidentalisSpotted Owl
17.8%
Oncorhynchus clarkii utahBonneville Cutthroat
15.1%

You're not logged in!

Compare scores with friends on all Sporcle quizzes.
Join for Free
OR
Log In

You Might Also Like...

Show Comments

Extras

Created Jul 7, 2011ReportNominate
Tags:Animal Quiz, name

Top Quizzes Today


Score Distribution

Your Account Isn't Verified!

In order to create a playlist on Sporcle, you need to verify the email address you used during registration. Go to your Sporcle Settings to finish the process.

Report this User

Report this user for behavior that violates our Community Guidelines.

Details: